Statistics for How Many Cities Can You Name? (2024 February)

Click here to take the quiz!

General Stats

  • This quiz has been taken 13 times
  • The average score is 5 of 20

Answer Stats

Answer% Correct
Rio de Janeiro
100%
Washington D.C
100%
Cairo
36%
Lima
36%
New Delhi
36%
Bogota
27%
Almaty
18%
Gold Coast
18%
Manama
18%
Oslo
18%
Quito
18%
Siem Reap
18%
Algiers
9%
Dublin
9%
Guadalajara
9%
Tangier
9%
Tauranga
9%
Tunis
9%
Vancouver
9%
Ho Chi Minh City
0%

Score Distribution

Percentile by Number Answered

Percent of People with Each Score

Your Score History

You have not taken this quiz